Ιωάννου του Χρυσοστόμου Εκλογαί και Απανθίσματα / Ήτοι Λόγοι Απαρτισθέντες Εκ Διαφόρων Ομιλιών του Εν Αγίοις Πατρός Ημών Ιωάννου Αρχιεπισκόπου Κωνσταντινουπόλεως του Χρυσοστόμου (Record no. 2296)
[ view plain ]
| 000 -LEADER | |
|---|---|
| fixed length control field | 02106cam a22001694a 4500 |
| 005 - ΗΜΕΡΟΜΗΝΙΑ ΚΑΙ ΩΡΑ ΤΕΛΕΥΤΑΙΑΣ ΕΝΗΜΕΡΩΣΗΣ | |
| Πεδίο ελέγχου | 20250605164037.0 |
| 008 - FIXED-LENGTH DATA ELEMENTS--GENERAL INFORMATION | |
| Πεδίο ελέγχου σταθερού μήκους | 250528s ||||||||||||||||||||||||d |
| 035 ## - SYSTEM CONTROL NUMBER | |
| System control number | 16842 |
| 040 ## - ΠΗΓΗ ΚΑΤΑΛΟΓΟΓΡΑΦΗΣΗΣ | |
| Φορέας πρωτότυπης καταλογογράφησης | MC Athens Campus Library |
| Γλώσσα καταλογογράφησης | Ελληνικά, Μοντέρνα (1453-) |
| Modifying agency | MC Athens Campus Library |
| Κανόνες περιγραφικής καταλογογράφησης | AACR2 |
| 245 1# - ΤΙΤΛΟΣ ΚΑΙ ΔΗΛΩΣΗ ΥΠΕΥΘΥΝΟΤΗΤΑΣ | |
| Τίτλος | Ιωάννου του Χρυσοστόμου Εκλογαί και Απανθίσματα / Ήτοι Λόγοι Απαρτισθέντες Εκ Διαφόρων Ομιλιών του Εν Αγίοις Πατρός Ημών Ιωάννου Αρχιεπισκόπου Κωνσταντινουπόλεως του Χρυσοστόμου |
| 300 ## - PHYSICAL DESCRIPTION | |
| Extent | 600 |
| 520 ## - SUMMARY, ETC. | |
| Summary, etc. | Περί Αγάπης, Περί Προσευχής, Περί Μετάνοιας, Περί Νηστείας και Σωφροσύνης, Περί Ευτυχία και Δυστυχίας, Περί Διδαχής και Νουθεσίας, Περί Ταπεινοφροσύνησης, Περί Ψυχής, Περί Πρόνοιας, Περί Πλούτου και Πενίας, Περί Λαιμαργίας και Μέθης, Περί Ασθενείας και Ιατρών, Περί Γυναικών και Κάλλους, Περί Πλεονεξίας, Περί Αλαζονείας και Κενοδοξίας, Περί Φθόνου, Περί Μίσους και Έχθρας, Περί Λύπης και Αθυμίας, Περί Οργής και Θυμού, Περί Αρχής και Εξουσίας και Δόξης, Περί Υπομονής και Μακροθυμίας, Περί Ελεημοσύνης και Φιλοξενίας, Περί Αμαρίας και Εξαγορεύσεως, Περί της Μελλούσης Κρίσεως, Περί Αρετής και Κακίας, Περί Παίδων Ανατροφής, Περί Όρκων, Περί Ακακίας και Ανεξικακίας και Αμνησικακίας, Περί Θανάτου, Περί Ανδρείας και Ισχύος, Περί Μετανοίας, Περί Σιωπής και Απορρήτων. |
| 700 1# - ΠΡΟΣΘΕΤΗ ΑΝΑΓΡΑΦΗ--ΦΥΣΙΚΟ ΠΡΟΣΩΠΟ | |
| Personal name | Μπακόπουλος Ηλίας |
| 9 (RLIN) | 2928 |
| 942 ## - ADDED ENTRY ELEMENTS (KOHA) | |
| Koha item type | Books |
| Τύπος τεκμηρίου | Βιβλιοθήκη | Τρέχουσα τοποθεσία | Barcode | Αριθμός εισαγωγής | Ημερομηνία απόκτησης | Ταξιθετικό σύμβολο | Αριθμός αντιτύπου | Κατάσταση απόσυρσης | Κατάσταση χαμένου | Κατάσταση κατεστραμμένου | Μη δανεισμός | Σύνολο δανεισμών | Ημερομηνία τελευταίας εμφάνισης | Η τιμή ισχύει από |
|---|---|---|---|---|---|---|---|---|---|---|---|---|---|---|
| Books | MC Athens Campus Library | MC Athens Campus Library | 9780000022950 | 5440 | 05/06/2025 | REF 281.1 BAK | 1 | 05/06/2025 | 05/06/2025 |